Treatise on the gods /

Bibliographic Details
Main Author: Mencken, H. L. (Henry Louis), 1880-1956
Format: Book
Language:English
Published: New York, London : A. A. Knopf, 1930.
Subjects:

MARC

Tag First Indicator Second Indicator Subfields
LEADER 00000cam a2200000 4500
001 in00000059028
005 20151008051015.0
008 750120s1930 nyu b 00010 eng
010 |a  30008107  
035 |a (OCoLC)01146046 
035 |9 AAG4965AM 
040 |a DLC  |c OUN  |d OCL  |d TXA  |d UtOrBLW 
049 |a TXAM  |c [40858] 
050 0 0 |a BL48  |b .M4 
092 |a 290  |b M536t 
100 1 |a Mencken, H. L.  |q (Henry Louis),  |d 1880-1956. 
245 1 0 |a Treatise on the gods /  |c [by] H. L. Mencken. 
264 1 |a New York,  |a London :  |b A. A. Knopf,  |c 1930. 
300 |a ix pages, 2 leaves, 363 pages, 1 unnumbered page, xii pages, 1 leaf ;  |c 22 cm. 
336 |a text  |b txt  |2 rdacontent 
337 |a unmediated  |b n  |2 rdamedia 
338 |a volume  |b nc  |2 rdacarrier 
504 |a "Bibliographical note": pages 354-363, [1]. 
650 0 |a Religion. 
650 0 |a Gods. 
999 |a MARS 
999 f f |s 31b839eb-9111-3cbf-a68c-c82a2480ec0c  |i 39676f6b-03e4-3c01-8558-131f63d4e8cc  |t 0 
952 f f |p ric  |a Texas A&M University  |b Rellis Campus  |c Joint Library Facility  |d Remote Storage  |t 0  |e BL48 .M4  |h Library of Congress classification  |i unmediated -- volume  |m A14800626617 
998 f f |a BL48 .M4  |t 0  |l Remote Storage